000 00779cam a2200217 4500
001 J61817
008 000000n2000 000 0 eng u
035 _a(Sirsi) u107482
041 _aeng
050 _a692.8
110 _aJoint Contracts Tribunal
_93664
245 _aJCT formula rules : main contract : corrections to 1987 edition.
260 _aLondon
_bRIBA Publications Ltd.
_c2000
300 _a1 sheet ; 30cm.
650 _aBUILT ENVIRONMENT-BUILDING CONTRACT FORMS-STANDARD FORMS OF BUILDING CONTRACT-JOINT CONTRACTS TRIBNUAL CONTRACTS
650 _aFORMULA RULES
650 _aBUILT ENVIRONMENT-BUILDING CONTRACT FORMS
650 _aJCT STANDARD FORM OF BUILDING CONTRACT (1998 EDITION)
690 _aBUILT ENVIRONMENT-BUILDING CONTRACT FORMS
942 _n0
999 _c100697
_d100697